ბათუმის შოთა რუსთაველის სახელმწიფო უნივერსიტეტის ბიბლიოთეკა

სამი თვე თურქეთის საქართველოში : (ბიბ.ჩანაწერი № 40682)

000 -ლიდერი
ფიქსირებული სიგრძის საკონტროლო ველი 01312nam a2200253Ia 4500
001 - საკონტროლო ნომერი
საკონტროლო ველი 7317
003 - საკონტროლო ნომრის იდენტიფიკატორი
საკონტროლო ველი GE_BSU
005 - ბოლო ოპერაციის თარიღი და დრო
საკონტროლო ველი 20210630132345.0
008 - ფიქსირებული სიგრძის მონაცემთა ელემენტები - ზოგადი ინფორმაცია
ფიქსირებული სიგრძის საკონტროლო ველი 181216s1995||||ge |||||||||||||| ||geo||
040 ## - კატალოგიზაციის წყარო
Transcribing agency GE_BSU
041 ## - ენის კოდი
Language code of text/sound track or separate title geo
080 ## - უნივერსალური ათობითი კლასიფიკაციის ინდექსი
Universal Decimal Classification number 910.4(479.22)+910.4(560)+94(=353.1(560) ყ-19
100 ## - მთავარი ჩანაწერი - პიროვნების სახელი
Personal name ყაზბეგი, გიორგი
9 (RLIN) 12164
245 ## - ცნობა სათაურის შესახებ
Title სამი თვე თურქეთის საქართველოში :
Remainder of title [მოგზაურის ჩანაწერები] /
Statement of responsibility, etc გიორგი ყაზბეგი; თარგმ.: რამაზ სურმანიძე და მამია ხარაზი; რედ.: ჯემალ ხოფერია.
264 ## - წარმოების, გამოცემის, დისტრიბუციის და სხვა ცნობები
გამოცემის, წარმოების, დისტრიბუციის... ადგილი ბათუმი :
გამოცემის, წარმოების, დისტრიბუციის... სახელწოდება აჭარა,
გამოცემის, წარმოების, დისტრიბუციის... თარიღი 1995.
300 ## - ფიზიკური აღწერა
Extent 185 გვ.:
Other physical details ილ.,
Dimensions 20 სმ.
501 ## - შენიშვნა თანმხლებ მასალაზე
With note საძიებელი გვ.166-185
653 ## - INDEX TERM--UNCONTROLLED
Uncontrolled term მოგზაურობა აჭარაში.
653 ## - INDEX TERM--UNCONTROLLED
Uncontrolled term მოგზაურობა თურქეთში.
653 ## - INDEX TERM--UNCONTROLLED
Uncontrolled term ქართველები თურქეთში.
700 ## - ADDED ENTRY--PERSONAL NAME
Personal name სურმანიძე, რამაზ
Relator term მთარგმნელი
9 (RLIN) 12165
700 ## - ADDED ENTRY--PERSONAL NAME
Personal name ხარაზი, მამია
Relator term მთარგმნელი
9 (RLIN) 5066
942 ## - ADDED ENTRY ELEMENTS (KOHA)
Koha item type წიგნი
Source of classification or shelving scheme
ეგზემპლარები
ჩამოწერის სტატუსი დაკარგული ეგზემპლარის სტატუსი კლასიფიკაციის წყარო ან თაროზე გაწყობის სქემა დაზიანების სტატუსი არ გაიცემა მუდმივი მდებარეობა (დაცვის ადგილი) ამჟამინდელი ადგილსამყოფელი თაროზე განთავსების ადგილი შეძენის თარიღი ღირებულება, შესყიდვის ნორმალური ფასი სრული შენახვის შიფრი შტრიხკოდი ბოლო ოპერაციის თარიღი ეგზემპლარის მიმდევრობითი ნომერი (კეტერი?) ფასის ძალაში შესვლის თარიღი ეგზემპლარის სახეობა საჯარო შენიშვნა
          ბათუმის შოთა რუსთაველის სახელმწიფო უნივერსიტეტის მთავარი ბიბლიოთეკა ბათუმის შოთა რუსთაველის სახელმწიფო უნივერსიტეტის მთავარი ბიბლიოთეკა წიგნსაცავი 2018-12-17 5.00 910.4(479.22)+910.4(560)+94(=353.1(560) ყ-19 18684 2018-12-17 18684 2018-12-17 წიგნი 5 ლ.
          ბათუმის შოთა რუსთაველის სახელმწიფო უნივერსიტეტის მთავარი ბიბლიოთეკა ბათუმის შოთა რუსთაველის სახელმწიფო უნივერსიტეტის მთავარი ბიბლიოთეკა წიგნსაცავი 2021-06-30 5.00 910.4(479.22)+910.4(560)+94(=353.1(560) ყ-19 61440 2021-06-30 61440 2021-06-30 წიგნი 5 ლ.
          ბათუმის შოთა რუსთაველის სახელმწიფო უნივერსიტეტის მთავარი ბიბლიოთეკა ბათუმის შოთა რუსთაველის სახელმწიფო უნივერსიტეტის მთავარი ბიბლიოთეკა წიგნსაცავი 2021-06-30 5.00 910.4(479.22)+910.4(560)+94(=353.1(560) ყ-19 61441 2021-06-30 61441 2021-06-30 წიგნი 5 ლ.
          ბათუმის შოთა რუსთაველის სახელმწიფო უნივერსიტეტის მთავარი ბიბლიოთეკა ბათუმის შოთა რუსთაველის სახელმწიფო უნივერსიტეტის მთავარი ბიბლიოთეკა წიგნსაცავი 2021-06-30 5.00 910.4(479.22)+910.4(560)+94(=353.1(560) ყ-19 61442 2021-06-30 61442 2021-06-30 წიგნი 5 ლ.
          ბათუმის შოთა რუსთაველის სახელმწიფო უნივერსიტეტის მთავარი ბიბლიოთეკა ბათუმის შოთა რუსთაველის სახელმწიფო უნივერსიტეტის მთავარი ბიბლიოთეკა წიგნსაცავი 2021-06-30 5.00 910.4(479.22)+910.4(560)+94(=353.1(560) ყ-19 61443 2021-06-30 61443 2021-06-30 წიგნი 5 ლ.
          ბათუმის შოთა რუსთაველის სახელმწიფო უნივერსიტეტის მთავარი ბიბლიოთეკა ბათუმის შოთა რუსთაველის სახელმწიფო უნივერსიტეტის მთავარი ბიბლიოთეკა წიგნსაცავი 2021-06-30 5.00 910.4(479.22)+910.4(560)+94(=353.1(560) ყ-19 61444 2021-06-30 61444 2021-06-30 წიგნი 5 ლ.